000 00480nam a2200181Ia 4500
008 100917s9999 xx 000 0 und d
082 _b22499
100 _aसाठे अण्णाभाऊ
245 _aवैर
260 _bनवमहाराष्ट्र प्रकाशन
_c1964
300 _a112
365 _b5
520 _aकादंबरी
630 _aवैर
650 _aकादंबरी
730 _aवैर
942 _cBOOK
999 _c627893
_d627890